书目信息 |
| 书名: | American government | |
| 作者: | Woll. | |
| 分册号: | ||
| 分册名: | 出版地: | Boston Toronto : |
|
| 出版社: | Little, Brown and company | |
| 出版时间: | 1987. | |
| 页数: | 364 p. ; | |
| 开本: | 20cm. | |
| 丛书名: | ||
| 中图分类号: | ||
| 科图分类号: | ||
| 其他分类号: | D771.23 | |
| 主题词: | ||
| 电子资源: | ||
| 000 | 00388nam 2200145 a 4500 | |
| 001 | E0153963814 | |
| 005 | 2001122814592363 | |
| 008 | 011228s1987 00010 eng | |
| 020 | @a0-316-95177-3. | |
| 040 | @aPFT@beng | |
| 090 | @aD771.23 | |
| 099 | @dD771.23@eW863 | |
| 245 | @aAmerican government / @cWoll. | |
| 260 | @aBoston Toronto :@bLittle, Brown and company,@c1987. | |
| 300 | @a364 p. ;@c20cm. | |
| American government / / Woll.-Boston Toronto : : Little, Brown and company, , 1987. |
| 364 p. ; ; 20cm. |
| ISBN 0-316-95177-3. |
| ● |
| 相关链接 |
|
|
|
正题名:American government
索取号:D771.23/W863
 
预约/预借
| 序号 | 登录号 | 条形码 | 馆藏地/架位号 | 状态 | 备注 |
| 1 | 01129 | 300011298 | 社科库509/509社科库 78排5列2层/ [索取号:D771.23/W863] | 在馆 |